[Event "HCL-C3974"]
[Site "www.playchess.de"]
[Date "2006.01.08"]
[Round "8"]
[White "JHPJ"]
[Black "Kannsnich"]
[WhiteElo "800"]
[BlackElo "1057"]
[PlyCount "74"]
[Result "0-1"]

1.e4 c6 2.Nf3 d5 3.Nc3 dxe4 4.Nxe4 {GERMANY, GOOD 
GAME}  Nd7 {jep germany plays the symslov-game}  
5.Bc4 Ngf6 6.d3 {I did not understand nothing}  e6 
{symslov is a grandmaster and this is his openning 
for black}  7.O-O {IT PARDONS MY IGNORANCE. I GO 
TO WRITE DOWN THIS OPENING And TO LEARN.}  Be7 {if 
you play against me you must not learn.i only know 
the name}  8.Nxf6+ {OBLIGED TEACHER, I LIKED It 
POSITIONING THAT IT ADOPTED WITH The BLACK COLOR, 
WITHOUT the INITIATIVE YOU CONTROLLED the GAME, 
VERY GOOD. I GO TO BE A LITTLE BOLDER TO BETTER 
SEE YOUR GAME, OK? IF I TO COMMIT SOME ERROR POINT 
ME
 
 
}  Nxf6 9.Re1 O-O 10.Bg5 Nd5 11.Re5 Nb6 12.a4 Nxc4 
13.dxc4 f6 14.Qxd8 Rxd8 15.Re4 fxg5 16.h3 Bf6 
17.Rae1 Bd7 18.c5 e5 19.Kh2 Bf5 20.R4xe5 Bxe5+ 
21.Rxe5 Bxc2 22.Nxg5 Rd5 23.f4 Rxe5 24.fxe5 Re8 
25.e6 Bg6 26.Kg3 h6 27.Nf3 Rxe6 28.b4 Re3 29.Kf4 
Rb3 30.b5 cxb5 31.axb5 Rxb5 32.g4 Rxc5 33.h4 a5 
34.g5 hxg5+ 35.hxg5 a4 36.Nh4 Rc4+ 37.Ke5 
Rxh4 0-1

[Event "HCL-B3685"]
[Site "www.playchess.de"]
[Date "2006.01.08"]
[Round "7"]
[White "JMD"]
[Black "Iron_Flower"]
[WhiteElo "1362"]
[BlackElo "1226"]
[PlyCount "76"]
[Result "0-1"]

1.d4 {hello from Paris}  d5 {Hi, from Leeuwarden, 
the Netherlands}  2.e4 dxe4 3.Nc3 Nf6 4.f3 exf3 
5.Qxf3 Qxd4 6.Be3 Qg4 7.Qf2 Bf5 8.h3 Qg6 9.O-O-O 
Nc6 10.Bb5 Bd7 11.Nge2 a6 12.Bd3 Qh5 13.g4 Qa5 
14.a3 e6 15.Nb1 Nd5 16.Rhf1 Nxe3 17.Qxe3 Bc5 
18.Qg5 Bf8 19.Qf4 f6 20.Nec3 Bd6 21.Qe4 Qg5+ 
22.Nd2 Qe5 23.Nf3 Qxe4 24.Bxe4 O-O-O 25.Kb1 Ne5 
26.Nd4 Rhf8 27.Nb3 f5 28.gxf5 exf5 29.Bg2 g6 
30.Na5 Nc6 31.Nc4 Bc5 32.b4 Bd4 33.Ne2 Bg7 34.Nf4 
Nd4 35.Na5 Bc6 36.Nxc6 Nxc6 37.Bxc6 bxc6 38.Ne6 
Rxd1+ 0-1

[Event "HCL-C4030"]
[Site "www.playchess.de"]
[Date "2006.01.08"]
[Round "7"]
[White "pera"]
[Black "garden"]
[WhiteElo "940"]
[BlackElo "1034"]
[PlyCount "91"]
[Result "1-0"]

1.e4 {Good luck for the game.}  e5 2.Nf3 Nc6 3.Bc4 
d6 4.d3 Bg4 5.Bb5 a6 6.Bxc6+ bxc6 7.c4 c5 8.Nc3 
Be7 9.Nd5 Be6 10.Qa4+ Bd7 11.Qa5 Ra7 12.O-O c6 
13.Nb6 Qc7 14.Bg5 f6 15.Be3 Bd8 16.b4 Qb7 17.bxc5 
d5 18.cxd5 cxd5 19.exd5 Ne7 20.c6 Bxc6 21.dxc6 
Nxc6 22.Qd5 Ne7 23.Qxb7 Rxb7 24.Nc4 Bc7 25.d4 e4 
26.Nfd2 f5 27.Rab1 Rb5 28.a4 Rd5 29.Rb7 Bd8 30.Rb8 
O-O 31.Ne5 Bc7 32.Rxf8+ Kxf8 33.Ndc4 f4 34.f3 Bxe5 
{good move}  35.fxe4 {Thanks...}  Rd8 36.dxe5 g5 
37.Bc5 Rc8 38.Bxe7+ Kxe7 39.Nd6 Ke6 40.Nxc8 Kxe5 
41.Re1 h5 42.g3 f3 43.h3 h4 44.gxh4 gxh4 45.Kf2 
Kf4 46.e5 1-0

[Event "HCL-B3785"]
[Site "www.playchess.de"]
[Date "2006.01.08"]
[Round "24"]
[White "dynamike"]
[Black "RUDI"]
[WhiteElo "1479"]
[BlackElo "1239"]
[PlyCount "64"]
[Result "1-0"]

1.e4 e5 2.Nf3 Nc6 3.Bc4 Be7 4.O-O Nf6 5.Nc3 a6 
6.Re1 O-O 7.a3 d6 8.h3 b5 9.Ba2 Nh5 10.d4 Nf4 
11.Bxf4 exf4 12.Ne2 Bg5 13.Nxg5 Qxg5 14.Kh2 Kh8 
15.Qd2 f5 16.exf5 Rxf5 17.Nxf4 Bd7 18.Re4 Raf8 
19.g3 d5 20.Re2 Ne7 21.h4 Qg4 22.f3 Qxf3 23.Rxe7 
R5xf4 24.Rxd7 {Kamikaze ?}  Rxh4+ {wo?}  25.gxh4 
{na hier...erst der Läufer nun der Turm. Du 
bekommst doch gar nichts wieder dafür !}  h6 
{früher oder später kriegst Du sie doch 
sowieso...}  26.Bxd5 {verstehe, und warum spielen 
wir dann ? Ich meine, wenn Du mir die Figürchen 
gleich ohne Gegenwehr schenkst, dann ist das Spiel 
doch nicht mehr sehr sinnvoll, oder ? Kleiner 
Tipp: Überprüfe Deine Einstellung :-)}  Qg4 27.Rf7 
Qxh4+ 28.Kg2 Qg4+ 29.Kf1 Qh3+ 30.Qg2 Rxf7+ 31.Bxf7 
Qf5+ 32.Qf2 Qh3+ 1-0

[Event "HCL-B3785"]
[Site "www.playchess.de"]
[Date "2006.01.08"]
[Round "36"]
[White "RUDI"]
[Black "evets"]
[WhiteElo "1239"]
[BlackElo "1445"]
[PlyCount "56"]
[Result "0-1"]

1.e4 e6 2.d4 d5 3.exd5 exd5 4.Nf3 Bg4 5.h3 Bxf3 
6.Qxf3 Nf6 7.Bd3 Nc6 8.c3 Bd6 9.O-O O-O 10.Nd2 Re8 
11.b3 a5 12.a3 Qb8 13.a4 Na7 14.Bb2 b5 15.Ba3 Bxa3 
16.Rxa3 b4 17.cxb4 Qxb4 18.Raa1 Qxd2 19.Rad1 Qb4 
20.Qg3 Rac8 21.Kh1 c5 22.dxc5 Rxc5 23.f4 Ne4 
24.Qg4 Qxb3 25.Be2 Ng3+ 26.Kh2 Nxf1+ 27.Rxf1 d4 
28.f5 d3 0-1

[Event "HCL-B3797"]
[Site "www.playchess.de"]
[Date "2006.01.08"]
[Round "10"]
[White "foinaven"]
[Black "Felipe_Lungov"]
[WhiteElo "1453"]
[BlackElo "1261"]
[PlyCount "83"]
[Result "1-0"]

1.d4 {Hi Felipe}  Nf6 {hello, friend}  2.c4 {Which 
city are you from?}  e6 {sao paulo, do you know 
it?}  3.Nf3 {Its the biggest city in Brasil I 
think?}  d5 {it is, by far}  4.Nc3 {Im from 
Bristol, England. Much smaller than Sao Paolo just 
500,000 people.}  Bb4 {yeah, but the smaller the 
better i think... dont you agree?}  5.Bg5 {I 
suppose it depends what you are talking about :-)} 
 O-O {i think big cities are too stressing... id 
rather live in some small town around}  6.e3 b6 
7.a3 Bd6 8.Bd3 Bb7 9.O-O Nbd7 10.b3 h6 11.Bh4 Qe7 
12.Bc2 dxc4 13.Nb5 cxb3 14.Bxb3 Ba6 15.Bc4 Bxb5 
16.Bxb5 Rad8 17.a4 g5 18.Bg3 Bxg3 19.fxg3 Nd5 
20.Qd2 Qb4 21.Qxb4 Nxb4 22.Rf2 c5 23.Rb1 Nd5 
24.Rb3 cxd4 25.exd4 Nc7 26.Bc6 g4 27.Nd2 f5 28.a5 
bxa5 29.Rb7 Nb8 30.Rxc7 Nxc6 31.Rxc6 Rfe8 32.Rc4 
Rd5 33.Nb3 Rb8 34.Nc5 Kf7 35.Re2 Rb1+ 36.Kf2 Rh1 
37.Nxe6 Rxh2 38.Rc7+ Kf6 39.Rxa7 Rh1 40.Nf4 Rxd4 
41.Re6+ Kg5 42.Rg7+ 1-0

[Event "HCL-B3702"]
[Site "www.playchess.de"]
[Date "2006.01.08"]
[Round "4"]
[White "Scandi"]
[Black "ivusko"]
[WhiteElo "1257"]
[BlackElo "1400"]
[PlyCount "106"]
[Result "0-1"]

1.Nf3 d6 2.h3 e5 3.e4 Nf6 4.Nc3 Be7 5.Bc4 h6 6.d3 
O-O 7.Be3 {Sorry for the delay. My computer 
crashed.}  Nc6 8.a3 Na5 9.Ba2 Nc6 10.O-O Bd7 
11.Qd2 Kh7 12.Rfe1 Qc8 13.Kf1 Be6 14.Nd5 Bxd5 
15.exd5 Nd8 16.d4 e4 17.Ng1 c6 18.dxc6 bxc6 19.c3 
d5 20.Ne2 Nb7 21.b4 a6 22.Ng3 Bd6 23.Bf4 Qd7 
24.Bb1 Bxf4 25.Qxf4 Nd6 26.f3 Kh8 27.fxe4 dxe4 
28.Nxe4 Nfxe4 29.Bxe4 f5 30.Bf3 Rae8 31.Bh5 Re4 
32.Qd2 Qe7 33.Qd3 Qg5 34.Bf3 Ree8 35.Bxc6 Re4 
36.Qf3 Rf4 37.Qxf4 Qxf4+ 38.Bf3 Ne4 39.Kg1 Nd2 
40.Bc6 Ne4 41.c4 Nc3 42.c5 Qc7 43.Bf3 Rd8 44.Re3 
Nd5 45.Ree1 Qg3 46.Re5 Nf4 47.Ra2 Rf8 48.c6 Nxh3+ 
49.Kf1 Ng5 50.Be2 Qf4+ 51.Ke1 Qc1+ 52.Kf2 Qxc6 
53.Rc5 Ne4+ 0-1

[Event "HCL-M857"]
[Site "www.playchess.de"]
[Date "2006.01.08"]
[Round "8"]
[White "dynachess"]
[Black "SABU"]
[WhiteElo "2206"]
[BlackElo "2051"]
[PlyCount "109"]
[Result "1-0"]

1.d4 {hello from France; have a good game}  Nf6 
2.Nf3 d5 3.e3 c5 4.dxc5 e6 5.c4 Bxc5 6.a3 O-O 
7.Nbd2 a5 8.Qc2 Nc6 9.Bd3 e5 10.cxd5 Qxd5 11.Ne4 
Nxe4 12.Bxe4 Qd6 13.Bxh7+ Kh8 14.Bf5 Bxf5 15.Qxf5 
g6 16.Qc2 Rfe8 17.O-O Qe7 18.e4 Kg7 19.Be3 Nd4 
20.Bxd4 Bxd4 21.Rad1 Rac8 22.Qb3 Red8 23.Rd2 Rc6 
24.Nxd4 exd4 25.Qd3 Qc5 26.f4 a4 27.e5 Qb6 28.f5 
Rc3 29.Qe4 d3+ 30.Kh1 Rc2 31.Rxc2 dxc2 32.Qxc2 Qb5 
33.f6+ Kh7 34.Re1 Qb3 35.Qxb3 axb3 36.h4 Rd2 
37.Rc1 Rxb2 38.Rc7 Re2 39.Rxf7+ Kg8 40.Rxb7 Rxe5 
41.Rxb3 Kf7 42.Rf3 Re4 43.g3 Re2 44.Kg1 Rd2 45.Kf1 
Rd1+ 46.Ke2 Ra1 47.Kd2 Ra2+ 48.Kc1 Re2 49.a4 Ra2 
50.Rf4 Rh2 51.Kb1 Rh3 52.Rf3 Rh2 53.a5 Rd2 54.g4 
Rd1+ 55.Kb2 1-0

[Event "HCL-M874"]
[Site "www.playchess.de"]
[Date "2006.01.08"]
[Round "10"]
[White "SABU"]
[Black "Losloper"]
[WhiteElo "2051"]
[BlackElo "2381"]
[PlyCount "71"]
[Result "0-1"]

1.e4 c5 2.Nf3 d6 3.d4 cxd4 4.Nxd4 Nf6 5.Nc3 a6 
6.e5 dxe5 7.Nb3 Qxd1+ 8.Nxd1 Bf5 9.Ne3 Bg6 10.Na5 
b6 11.Nac4 Nbd7 12.Be2 e6 13.O-O Bc5 14.a4 O-O 
15.c3 a5 16.Rd1 Rad8 17.Nd6 Nb8 18.Nec4 Bc2 19.Rd2 
Bb3 20.Nb7 Bxc4 21.Bxc4 Rxd2 22.Bxd2 Be7 23.Bg5 
Rc8 24.Be2 Rc7 25.Bf3 Nbd7 26.Re1 Kf8 27.Bxf6 gxf6 
28.Rd1 e4 29.Bxe4 f5 30.Bxf5 exf5 31.Nd6 Bxd6 
32.Rxd6 Ke7 33.Rd4 Nc5 34.Kf1 Rd7 35.Rc4 Rd1+ 
36.Ke2 0-1

[Event "HCL-B3758"]
[Site "www.playchess.de"]
[Date "2006.01.08"]
[Round "2"]
[White "nichju"]
[Black "schnitzly"]
[WhiteElo "884"]
[BlackElo "1274"]
[PlyCount "54"]
[Result "1-0"]

1.e4 e5 2.Nf3 Nf6 3.Nc3 Bb4 4.Bc4 d6 5.Ng5 O-O 
6.d3 h6 7.Nf3 Bg4 8.h3 Bh5 9.O-O Bxc3 10.bxc3 Nc6 
11.d4 Re8 12.d5 Ne7 13.Bb5 c6 14.dxc6 Nxc6 15.Ba3 
a6 16.Bc4 Nxe4 17.Qd3 Nc5 18.Qf5 Bg6 19.Qxg6 d5 
20.Rad1 fxg6 21.Bxd5+ Ne6 22.Bxe6+ Rxe6 23.Rxd8+ 
Nxd8 24.Re1 Nc6 25.g4 Rae8 26.Bc1 Na5 27.g5 
h5 1-0

[Event "HCL-A2527"]
[Site "www.playchess.de"]
[Date "2006.01.08"]
[Round "14"]
[White "asskicker"]
[Black "zemljanin"]
[WhiteElo "1643"]
[BlackElo "1437"]
[PlyCount "29"]
[Result "1-0"]

1.c4 e5 {hello}  2.Nc3 {hello again and good 
luck!}  c6 {hello to you too}  3.e4 Bb4 4.Nf3 d6 
5.d4 exd4 6.Qxd4 Bxc3+ 7.Qxc3 f6 8.Bf4 Nh6 9.Bxh6 
gxh6 10.O-O-O Bg4 11.c5 Qe7 12.cxd6 Qxe4 13.Re1 
Bxf3 14.Rxe4+ Bxe4 15.Qxf6 1-0

[Event "HCL-C3986"]
[Site "www.playchess.de"]
[Date "2006.01.08"]
[Round "3"]
[White "ivofle"]
[Black "malcolm123"]
[WhiteElo "795"]
[BlackElo "800"]
[PlyCount "63"]
[Result "1-0"]

1.e4 e5 2.Nc3 Nc6 3.Bb5 Nf6 4.Nf3 Bb4 5.Ne2 Nxe4 
6.O-O O-O 7.d3 Nf6 8.Bg5 a6 9.Bc4 b5 10.Bb3 Bb7 
11.Ng3 a5 12.Nf5 a4 13.Bxf7+ Rxf7 14.N3h4 Ne7 
{(offering draw)}  15.Nxg7 Rxg7 16.Bxf6 Rf7 
17.Qg4+ Ng6 18.Bxd8 Rxd8 19.Qg5 Rg7 20.Qxd8+ Nf8 
21.Rae1 Bxe1 {(offering draw)}  22.Rxe1 d6 23.Nf5 
Rxg2+ 24.Kf1 Rxh2 25.Ne7+ Kf7 26.Qxc7 Rh1+ 27.Ke2 
Rxe1+ {(offering draw)}  28.Kxe1 Bg2 29.Nd5+ Ke6 
30.Nb6 Kf5 31.Qxd6 Ng6 32.Qd7+ 1-0

[Event "HCL-B3641"]
[Site "www.playchess.de"]
[Date "2006.01.08"]
[Round "32"]
[White "jjn2"]
[Black "tirailleur"]
[WhiteElo "1664"]
[BlackElo "1315"]
[PlyCount "53"]
[Result "1-0"]

1.d4 d5 2.c4 e6 3.Nf3 Nf6 4.Nc3 c5 5.cxd5 exd5 
6.g3 Be7 7.Bg2 O-O 8.dxc5 Bxc5 9.Bg5 Be6 10.O-O 
Nc6 11.Rc1 Be7 12.Qd3 Rc8 13.Rfd1 Qd7 14.Bxf6 Bxf6 
15.Nxd5 Bxd5 16.Qxd5 Qxd5 17.Rxd5 Rfe8 18.e3 Red8 
19.Rb5 b6 20.Bh3 Rc7 21.a4 g5 22.Nxg5 Nd4 23.Rxc7 
Nxb5 24.Rxf7 Bxg5 25.Be6 Nd4 26.exd4 Rd6 
27.d5 1-0

[Event "HCL-E1451"]
[Site "www.playchess.de"]
[Date "2006.01.08"]
[Round "3"]
[White "siroos"]
[Black "michbarc"]
[WhiteElo "1984"]
[BlackElo "1745"]
[PlyCount "70"]
[Result "1/2-1/2"]

1.Nf3 Nf6 2.g3 d5 3.Bg2 c5 4.O-O g6 5.d4 cxd4 
6.Nxd4 Nc6 7.c4 e5 8.Nxc6 bxc6 9.cxd5 cxd5 10.Nc3 
e4 11.Bg5 Be7 12.Bxf6 Bxf6 13.Qxd5 Be6 14.Qxe4 Rb8 
15.Rfd1 Qa5 16.Qc6+ Kf8 17.Rab1 Kg7 18.Qf3 Rhc8 
19.Nd5 Bxd5 20.Qxd5 Qxd5 21.Bxd5 Rxb2 22.Rxb2 Bxb2 
23.Bb3 Rc1 {(offering draw)}  24.Rxc1 Bxc1 25.Kg2 
f5 26.Kf3 Kf6 27.e4 h6 28.exf5 Kxf5 29.g4+ Kg5 
30.h3 h5 31.Be6 hxg4+ 32.hxg4 Kf6 33.Bc4 Ke5 
34.Kg3 Kd4 35.Bb3 g5 {(offering draw)} 
 1/2-1/2

[Event "HCL-E1502"]
[Site "www.playchess.de"]
[Date "2006.01.08"]
[Round "32"]
[White "Vince"]
[Black "pkchess"]
[WhiteElo "1737"]
[BlackElo "1660"]
[PlyCount "35"]
[Result "1-0"]

1.e4 {Hi again greetings from Holland,Vincent van 
Gogh}  c5 {Hello from Canada. Have a nice game!}  
2.Nf3 {Where in Canada?}  Nc6 {Ontario,not for 
from Ottawa the nations capital. -4c and a bit of 
snow on the ground.}  3.Bc4 {It such a huge 
country,we have 500 people on a q.m.then Canada 
would have 5 billion people just inmation;4 times 
population of China.
Still some politicians say we can have some more 
people.....}  e6 4.Nc3 a6 5.O-O b5 6.Be2 Be7 7.d4 
cxd4 8.Nxd4 Bb7 9.Bf4 Bf6 10.Nxc6 dxc6 11.e5 Be7 
12.Qxd8+ Rxd8 13.Rfd1 c5 14.Rxd8+ Bxd8 15.Rd1 Ne7 
16.Bg5 O-O 17.Bxe7 Bxe7 18.Rd7 1-0

[Event "HCL-E1502"]
[Site "www.playchess.de"]
[Date "2006.01.08"]
[Round "36"]
[White "PLAYCHESS1963"]
[Black "pkchess"]
[WhiteElo "1728"]
[BlackElo "1660"]
[PlyCount "63"]
[Result "1-0"]

1.e4 c5 2.Nf3 Nc6 3.d4 cxd4 4.Nxd4 Nf6 5.Nc3 e5 
6.Ndb5 d6 7.Bg5 a6 8.Na3 b5 9.Nd5 Be7 10.Nxe7 Qxe7 
11.Be2 Be6 12.c3 h6 13.Bxf6 gxf6 14.Nc2 f5 15.exf5 
Bxf5 16.Ne3 Be6 17.Bf3 Rc8 18.O-O Rg8 19.a4 b4 
20.Bxc6+ Rxc6 21.cxb4 Qg5 22.Qf3 f5 23.Qxc6+ Ke7 
24.Rfd1 f4 25.Nf1 Bh3 26.Qxd6+ Kf7 27.Qc7+ Kg6 
28.Rd6+ Kh5 29.Qf7+ Kh4 30.g3+ fxg3 31.fxg3+ Kg4 
32.Qe6+ 1-0

[Event "HCL-B3664"]
[Site "www.playchess.de"]
[Date "2006.01.08"]
[Round "10"]
[White "farah"]
[Black "ndigas"]
[WhiteElo "1500"]
[BlackElo "1200"]
[PlyCount "71"]
[Result "1-0"]

1.d4 Nf6 2.c4 g6 3.Nc3 d5 4.cxd5 Nxd5 5.e4 Nxc3 
6.bxc3 Bg7 7.Bc4 c5 8.Bb2 cxd4 9.cxd4 Qb6 10.Qd2 
O-O 11.Ne2 Rd8 12.e5 Bxe5 13.O-O Qc7 14.Rac1 Nc6 
15.Qh6 Bg7 16.Qe3 Qb6 17.Bb3 Bf5 18.Ba1 Rd7 
19.Rfd1 Rad8 20.h3 Nxd4 21.Bxd4 Bxd4 22.Rxd4 R7xd4 
23.Nxd4 Rxd4 24.Qxe7 Be6 25.Bxe6 Qxe6 26.Qxb7 Qxa2 
27.Qa8+ Kg7 28.Qf3 Qd5 29.Qc3 Qe5 30.Re1 Qf6 
31.Qa1 Rd7 32.Qa5 Qd4 33.Ra1 Qb6 34.Qc3+ Qf6 
35.Qa5 Qb2 36.Qa6 1-0

[Event "HCL-A2550"]
[Site "www.playchess.de"]
[Date "2006.01.08"]
[Round "1"]
[White "Aggie"]
[Black "hal1958"]
[WhiteElo "1342"]
[BlackElo "1480"]
[PlyCount "100"]
[Result "0-1"]

1.e4 e5 {have a nice game}  2.Bc4 Nf6 3.d3 {Here's 
to luck!!}  c6 4.Nf3 d5 5.exd5 cxd5 6.Bb3 Bb4+ 
7.Bd2 Bxd2+ 8.Nbxd2 Nc6 9.O-O O-O 10.Re1 Re8 11.h3 
a6 12.a4 Qd6 13.d4 e4 14.Nh2 Rb8 15.c3 Ne7 16.Bc2 
Bd7 17.Re3 b5 18.b4 Rba8 19.a5 Rac8 20.f3 Nf5 
21.Re1 Rxc3 22.Nb3 Rec8 23.Nc5 exf3 24.Nxf3 Rc4 
25.Qd2 Ng3 26.Bd3 Nge4 27.Bxe4 Nxe4 28.Nxe4 dxe4 
29.Rxe4 Bc6 30.Re3 Bxf3 31.Rxf3 Qxd4+ 32.Qxd4 Rxd4 
33.Rb1 Rcc4 34.Rfb3 Kf8 35.Kh2 h5 36.Kg1 f6 37.Kh2 
Kf7 38.Kg1 g5 39.Kh2 Kg6 40.Kg1 h4 41.Kh2 f5 
42.Kg1 g4 43.hxg4 fxg4 44.Kh2 Kg5 45.Kg1 Rdf4 
46.Kh2 g3+ 47.Kh1 Kg4 48.Kg1 h3 49.gxh3+ Kxh3 
50.R1b2 Rc1+ 0-1

[Event "HCL-B3772"]
[Site "www.playchess.de"]
[Date "2006.01.08"]
[Round "6"]
[White "bcalmac"]
[Black "DTW"]
[WhiteElo "1400"]
[BlackElo "1200"]
[PlyCount "137"]
[Result "1-0"]

1.e4 e5 2.Nf3 Nc6 3.Bb5 a6 4.Ba4 b5 5.Bb3 Nf6 
6.O-O d5 7.exd5 Nxd5 8.d4 e4 9.Re1 Bf5 10.Ng5 h6 
11.Nxe4 Be7 12.Nbc3 Nxc3 13.bxc3 O-O 14.Qf3 Be6 
15.Bxe6 fxe6 16.Qh3 Qd5 17.Qg3 Bd6 18.Nxd6 Qxd6 
19.Qxd6 cxd6 20.Ba3 Rad8 21.Rxe6 Rf6 22.Rae1 Kf7 
23.d5 Ne5 24.Rxf6+ Kxf6 25.f4 Nc4 26.Bc5 dxc5 
27.Re6+ {darn, just when I was eyeing the victory 
:-)}  Kf5 28.Rxa6 Rxd5 {It's not over yet.  Are 
you in Romania right now?}  29.g3 Ne3 30.Ra5 {No, 
I live in US now.}  Nxc2 31.Rxb5 Rd1+ 32.Kf2 Ra1 
33.Rxc5+ Kg6 34.Ra5 Kh7 35.Ke2 Rh1 36.h4 Rh2+ 
37.Kd3 {There's no turning back now. The bridges 
are burnt!}  Ne1+ {Copy that.}  38.Ke4 Rh3 39.c4 
Rxg3 40.c5 Rc3 41.Kd5 {ready for the race? :-)}  
Nc2 42.Ra4 Rd3+ 43.Kc6 Nd4+ 44.Kb7 Ne6 45.Rc4 Rd7+ 
46.Kb6 Nd8 47.c6 Rd6 48.a4 Nxc6 49.Rxc6 Rd4 50.a5 
Rxf4 51.h5 Rb4+ 52.Kc7 Rb5 53.a6 Rxh5 54.a7 Ra5 
55.Kb7 Rxa7+ 56.Kxa7 h5 57.Kb6 g6 58.Kc5 Kh6 
59.Kd4 Kg5 {Happy New Year.}  60.Ke3 {Happy New 
Year to you (I just saw your message, I'm playing 
at work with the window zoomed at 50% :-)}  h4 
61.Kf3 Kh5 62.Kg2 g5 {I have to go to my Karate 
lesson.  Much less violent than this game.  
Later.}  63.Rc5 {yight, maybe that's why women 
don't really play chess. See you later.}  Kg4 
64.Rc4+ Kh5 65.Kh3 Kg6 {zugzwang}  66.Kg4 {yep. If 
I were you, I wouldn't go through this slow 
torture:-0}  Kf6 {Why quit now?}  67.Rc6+ {if not 
now, then when?}  Ke5 {But I'm having so much 
fun.}  68.Kxg5 {:-)}  h3 69.Rh6 1-0

[Event "HCL-A2519"]
[Site "www.playchess.de"]
[Date "2006.01.08"]
[Round "19"]
[White "zemljanin"]
[Black "schachsky"]
[WhiteElo "1405"]
[BlackElo "1141"]
[PlyCount "41"]
[Result "1-0"]

1.e4 e5 {Hi again, have a nice game!}  2.f4 d6 
3.Nf3 g6 4.fxe5 Be6 5.exd6 Qxd6 6.d4 Bg7 7.e5 Qb6 
8.Nc3 Ne7 9.b3 O-O 10.Ng5 f6 11.Nxe6 Qxe6 12.Bc4 
Qxc4 {Oops, this new year doens't start soundly 
for me! Best wishes (and chances) for you -:)}  
13.bxc4 {thanks, for you too, and don't judge the 
year by couple moves..}  fxe5 {-:) only by my good 
moves !}  14.d5 {yes :-)}  e4 15.Bb2 e3 16.Qe2 Bd4 
17.O-O-O Bc5 18.Ne4 Bb6 19.c5 Ba5 20.Qxe3 Na6 
21.Nf6+ 1-0

[Event "HCL-A2469"]
[Site "www.playchess.de"]
[Date "2006.01.08"]
[Round "7"]
[White "schachsky"]
[Black "DarianTomb"]
[WhiteElo "1195"]
[BlackElo "1556"]
[PlyCount "52"]
[Result "0-1"]

1.e4 {Hello have a nice game!}  c5 2.Bc4 Nf6 3.d3 
Nc6 4.Nf3 Na5 5.Bg5 Nxc4 6.Bxf6 Qb6 7.Qc1 Qxf6 
8.dxc4 Qg6 9.O-O Qxe4 10.Nbd2 Qg6 11.Re1 d6 12.Nb3 
Be6 13.Nbd2 O-O-O 14.b3 Bh3 15.Nh4 Qg4 16.g3 g5 
17.Re4 Qh5 18.Ng2 f5 19.Re3 f4 20.Rd3 Bg7 21.c3 
Bf5 22.Rd5 e6 23.Rxf5 {o stupid me; I saw it but 
overlooked it again !}  exf5 24.Nf1 Qf3 25.gxf4 
Bxc3 26.Nd2 Qd3 0-1

[Event "HCL-B3639"]
[Site "www.playchess.de"]
[Date "2006.01.08"]
[Round "10"]
[White "cxstevec"]
[Black "SAROS"]
[WhiteElo "1322"]
[BlackElo "1229"]
[PlyCount "106"]
[Result "0-1"]

1.e4 {Hi, have a nice game
}  c6 {thanks}  2.Nf3 d5 3.exd5 cxd5 4.Bb5+ Nc6 
5.O-O a6 6.Ba4 Bd7 7.c3 b5 8.Bb3 e6 9.d4 Nf6 
10.Bg5 Be7 11.Nbd2 h6 12.Bf4 g5 13.Bg3 Nh5 14.Be5 
f6 15.Bxf6 Nxf6 16.Ne5 Nxe5 17.dxe5 Ng8 18.Qh5+ 
Kf8 19.Nf3 Qe8 20.Qg4 Qg6 21.Nd4 h5 22.Qf3+ Qf7 
23.Qe3 Nh6 24.Nf3 Rg8 25.h3 Nf5 26.Qd3 g4 27.hxg4 
hxg4 28.Nh2 Qh5 29.Bd1 Qh4 30.Nxg4 Rxg4 31.Bxg4 
Qxg4 32.f4 Kf7 33.Qh3 Qxh3 34.gxh3 Rg8+ 35.Kf2 
Bc5+ 36.Ke2 b4 37.Rfc1 Rg2+ 38.Kd1 Rxb2 39.cxb4 
Ba4+ 40.Ke1 Bxb4+ 41.Kf1 Ng3+ 42.Kg1 Ne2+ 43.Kg2 
Nxc1+ 44.Kg3 Be1+ 45.Kg4 Nd3 46.a3 Bc3 47.Rg1 Nf2+ 
48.Kh4 Ne4 49.Kh5 Be8 50.Kh6 Ke7 51.h4 Rh2 52.Rg7+ 
Bf7 53.h5 Rxh5+ 0-1

[Event "HCL-E1502"]
[Site "www.playchess.de"]
[Date "2006.01.08"]
[Round "3"]
[White "Dutchin"]
[Black "Tarrega"]
[WhiteElo "1657"]
[BlackElo "1509"]
[PlyCount "76"]
[Result "0-1"]

1.e4 d5 {howdy strander}  2.exd5 {greetings}  Nf6 
3.d4 Bg4 4.Nf3 Qxd5 5.Be2 Nc6 6.O-O O-O-O 7.c4 Qf5 
8.d5 e6 9.dxc6 Rxd1 10.cxb7+ Kxb7 11.Rxd1 Bc5 
12.Nc3 Ne4 13.Nxe4 Qxe4 14.Re1 Kb8 15.Bd2 h6 16.b4 
Be7 17.c5 Qb7 18.a4 Rd8 19.Bc3 f6 20.h3 Bh5 21.Nd4 
Bxe2 22.Rxe2 e5 23.Ne6 Rd3 24.Be1 g6 25.Nf4 Rd8 
26.Nxg6 Rg8 27.Nh4 f5 28.f3 Bxh4 29.Bxh4 Qxf3 
30.Raa2 Qxh3 31.Bf6 e4 32.Be5 Qg4 33.c6 Re8 
34.Rad2 Kc8 35.Bd4 f4 36.Kf1 e3 37.Rda2 Qh4 38.Kg1 
Rd8 0-1

[Event "HCL-E1495"]
[Site "www.playchess.de"]
[Date "2006.01.08"]
[Round "10"]
[White "Pillsbury"]
[Black "xasanov"]
[WhiteElo "2424"]
[BlackElo "2100"]
[PlyCount "41"]
[Result "1-0"]

1.e4 {Hello good luck an a good game for us !}  e5 
{ok thanks}  2.Nf3 Nf6 3.Nxe5 Qe7 4.d4 d6 5.Nf3 
Nxe4 6.Be2 Bg4 7.O-O Nd7 8.Re1 O-O-O 9.Ng5 Bf5 
10.Bd3 d5 11.f3 h6 12.fxe4 hxg5 13.exf5 Qd6 14.g3 
Nf6 15.Bxg5 Ng4 16.Qxg4 f6 17.Be3 Qb4 18.Nd2 Re8 
19.Nb3 Bd6 20.Qf3 Rh3 21.Bd2 1-0

[Event "HCL-E1520"]
[Site "www.playchess.de"]
[Date "2006.01.08"]
[Round "8"]
[White "carlosmadeira"]
[Black "Eishockeytorwart"]
[WhiteElo "1536"]
[BlackElo "1942"]
[PlyCount "74"]
[Result "0-1"]

1.d4 d5 {welcome from germany}  2.c4 dxc4 3.e3 e5 
4.Bxc4 exd4 5.exd4 Nd7 6.Nf3 Nb6 7.Qb3 Nxc4 8.Qxc4 
Nf6 9.O-O Be7 10.Bf4 c6 11.Nc3 Be6 12.Qd3 Nd5 
13.Nxd5 Bxd5 14.Rfd1 O-O 15.Be3 Bxf3 16.gxf3 Qd5 
{merry Christmas}  17.Qe4 {Thanks for you too}  
Rfe8 18.Qxd5 cxd5 19.Rac1 Rac8 20.Kg2 g6 21.Rd3 
Rxc1 22.Bxc1 Rc8 23.Rc3 Rxc3 24.bxc3 Bd6 25.h3 b5 
26.Kf1 f6 27.f4 Kf7 28.Ke2 {(offering draw)}  Ke6 
29.f3 Kf5 30.Kf2 Bxf4 31.Ba3 a5 32.Bb2 Kg5 33.Kg2 
Kh4 34.Ba1 Bc1 35.Kh2 a4 36.Kg2 a3 37.Kh2 
Bb2 0-1

[Event "HCL-A2553"]
[Site "www.playchess.de"]
[Date "2006.01.08"]
[Round "9"]
[White "Chas"]
[Black "scaper"]
[WhiteElo "1439"]
[BlackElo "1335"]
[PlyCount "84"]
[Result "0-1"]

1.e4 c5 2.Nf3 e6 3.d4 cxd4 4.Nxd4 Nf6 5.Bd3 Bc5 
6.Be3 Qb6 7.Nb3 Bxe3 8.fxe3 Qxe3+ 9.Qe2 Ng4 
10.Qxe3 Nxe3 11.g3 Ng4 12.O-O b6 13.Rf4 Nf6 
14.N1d2 O-O 15.Raf1 Nc6 16.c3 a5 17.Nd4 Nd8 18.Nb5 
d5 19.e5 Nd7 20.Nf3 f6 21.exf6 Rxf6 22.Rxf6 Nxf6 
23.Nd6 Nb7 24.Nxc8 Rxc8 25.Ba6 Rc7 26.Bxb7 Rxb7 
27.Nd4 e5 28.Ne2 b5 29.Rf5 Re7 30.Nc1 b4 31.cxb4 
axb4 32.Nd3 b3 33.a3 e4 34.Nc5 d4 35.Nxb3 d3 
36.Kf2 Ng4+ 37.Ke1 Nxh2 38.Kd2 e3+ 39.Kd1 e2+ 
40.Ke1 Re3 41.Nd2 Rxg3 42.a4 Rg1+ 0-1

[Event "HCL-C4057"]
[Site "www.playchess.de"]
[Date "2006.01.08"]
[Round "8"]
[White "nico21"]
[Black "Ivan_Lacerda"]
[WhiteElo "1430"]
[BlackElo "1145"]
[PlyCount "109"]
[Result "1-0"]

1.e4 c5 2.Nf3 a6 3.d4 cxd4 4.Nxd4 Nc6 5.Nc3 e5 
6.Nf3 d6 7.Bc4 Be6 8.Bxe6 fxe6 9.Ng5 Qf6 10.O-O h6 
11.Nf3 Nd4 12.Nxd4 exd4 13.Ne2 e5 14.f4 Qe6 15.c3 
Nf6 16.fxe5 dxe5 17.cxd4 exd4 18.Nxd4 Bc5 19.Kh1 
Qg4 20.Qa4+ b5 21.Qd1 Bxd4 22.Qxd4 O-O 23.Bxh6 
Qxe4 24.Qxe4 Nxe4 25.Rxf8+ Rxf8 26.Be3 Rc8 27.Rc1 
Re8 28.Re1 Nc5 29.Bf2 Rxe1+ 30.Bxe1 Nd3 31.Bc3 b4 
32.Bd4 a5 33.a3 b3 34.Kg1 g5 35.g3 Ne1 36.Kf2 Nc2 
37.Bc3 a4 38.Kf3 Kf7 39.Kg4 Kg6 40.h4 gxh4 41.Kxh4 
Ne3 42.Bh8 Nf5+ {(offering draw)}  43.Kg4 Nd6 
44.Kf4 Nf5 45.g4 Nd6 46.g5 Nf5 47.Bf6 Nd6 48.Bc3 
Nb5 49.Bf6 Nd6 50.Ke5 Nc4+ 51.Kd5 Nb6+ 52.Kc5 Nd7+ 
53.Kb5 Nxf6 54.gxf6 Kxf6 55.Kxa4 1-0